MARC details
| 000 -CABECERA |
| campo de control de longitud fija |
03120nam a2200301 a 4500 |
| 003 - IDENTIFICADOR DEL NÚMERO DE CONTROL |
| campo de control |
OSt |
| 005 - FECHA Y HORA DE LA ÚLTIMA TRANSACCIÓN |
| campo de control |
20251111143811.0 |
| 007 - CAMPO FIJO DE DESCRIPCIÓN FÍSICA--INFORMACIÓN GENERAL |
| campo de control de longitud fija |
cr ||||||a|c|a |
| 008 - DATOS DE LONGITUD FIJA--INFORMACIÓN GENERAL |
| campo de control de longitud fija |
230511s2019 mx a|||fom||| 001 0 spa d |
| 040 ## - FUENTE DE LA CATALOGACIÓN |
| Normas de descripción |
rda |
| 100 1# - ENTRADA PRINCIPAL--NOMBRE DE PERSONA |
| 9 (RLIN) |
186952 |
| Nombre de persona |
Quirino Nazario, Patricia |
| 245 10 - MENCIÓN DE TÍTULO |
| Título |
Ahorro y uso efeciente del agua y electricidad en la industrialización del gel de sábila / |
| Mención de responsabilidad, etc. |
por Patricia Quirino Nazario; director de tesis Alejandro Santiago Sánchez Vélez. |
| 264 #1 - PRODUCCIÓN, PUBLICACIÓN, DISTRIBUCIÓN, FABRICACIÓN Y COPYRIGHT |
| Producción, publicación, distribución, fabricación y copyright |
Chapingo, México : |
| Nombre del de productor, editor, distribuidor, fabricante |
El autor, |
| Fecha de producción, publicación, distribución, fabricación o copyright |
2019. |
| 300 ## - DESCRIPCIÓN FÍSICA |
| Extensión |
1 recurso en línea (85 páginas): |
| Otras características físicas |
cuadros, figuras. |
| 336 ## - TIPO DE CONTENIDO |
| Fuente |
rdacontent |
| Término de tipo de contenido |
texto |
| Código de tipo de contenido |
txt |
| 337 ## - TIPO DE MEDIO |
| Fuente |
rdamedia |
| Nombre/término del tipo de medio |
computadora |
| Código del tipo de medio |
c |
| 338 ## - TIPO DE SOPORTE |
| Fuente |
rdacarrier |
| Nombre/término del tipo de soporte |
recurso en línea |
| Código del tipo de soporte |
cr |
| 502 ## - NOTA DE TESIS |
| Tipo de título |
Ingeniería Forestal |
| Nombre de la institución que otorga el título |
División de Ciencias Forestales, |
| Año de obtención del título |
2019. |
| Información miscelánea |
Licenciatura |
| 504 ## - NOTA DE BIBLIOGRAFÍA, ETC. |
| Nota de bibliografía, etc. |
Incluye referencias bibliográficas: páginas 69-72. |
| 520 ## - SUMARIO, ETC. |
| Sumario, etc. |
El proyecto de investigación fue realizado en la empresa “Sábila Mixteca” Comercializadora Hortalizas y Frutas Matzaco S.C. de R.L de C.V. ubicada en el municipio de Izúcar de Matamoros Puebla, la cual produce gel de Aloe vera, actividad que ha cobrado gran importancia, pero que genera problemas ambientales que deben ser estudiados. Se realizó un recorrido por las instalaciones para identificar las etapas del proceso productivo en el cual se utiliza el agua, así como de la electricidad. Con el uso de fórmulas básicas se encontró que para obtener un kilogramo de gel de sábila es necesario emplear 3 litros de agua clorada y 6.2 watts, cantidades que se elevan tomando en cuenta que Sábila Mixteca produce 20,073.6 kilogramos de gel de Aloe vera al día, resultando en un gasto de 57,000 litros de agua clorada y 125 kilowatts diarios. En el caso del consumo de la electricidad esta se encuentra dentro de los límites permisibles por la IRE lo que significa que no se excede en el consumo eléctrico, ya que la IRE considera que es una empresa de alto consumo a partir de un gasto de 450 kilowatts. El rendimiento de extracción de gel de sábila es de 42% lo cual nos indica que el 58% es desperdicio con respecto al peso inicial, este desperdicio es el bagazo de las pencas de Aloe vera que se acumulan en terrenos aledaños formando montones inmensos, lo cual resulta problemático al limitar el proceso de descomposición de esta materia orgánica; por lo que se plantea que una solución a este problema es mediante el uso del bagazo en la elaboración de lombricomposta el cual puede ser comercializado en la zona. Como resultados se tiene el aumento de la eficiencia en el uso del agua, por ende, la reducción en los costos de producción; de forma complementaria se hacen propuestas para la disposición segura de los esquilmos resultantes de la extracción del gel. |
| 650 #4 - PUNTO DE ACCESO ADICIONAL DE MATERIA--TÉRMINO DE MATERIA |
| 9 (RLIN) |
163063 |
| Término de materia o nombre geográfico como elemento de entrada |
Aloe vera |
| Subdivisión general |
Geles |
| 650 #4 - PUNTO DE ACCESO ADICIONAL DE MATERIA--TÉRMINO DE MATERIA |
| 9 (RLIN) |
2401 |
| Término de materia o nombre geográfico como elemento de entrada |
Agua |
| Subdivisión general |
Utilización |
| 650 #4 - PUNTO DE ACCESO ADICIONAL DE MATERIA--TÉRMINO DE MATERIA |
| 9 (RLIN) |
186960 |
| Término de materia o nombre geográfico como elemento de entrada |
Ahorro de energía eléctrica |
| 650 #4 - PUNTO DE ACCESO ADICIONAL DE MATERIA--TÉRMINO DE MATERIA |
| 9 (RLIN) |
129207 |
| Término de materia o nombre geográfico como elemento de entrada |
Aloe vera |
| Subdivisión general |
Procesado |
| 700 1# - PUNTO DE ACCESO ADICIONAL--NOMBRE DE PERSONA |
| 9 (RLIN) |
107932 |
| Nombre de persona |
Sánchez Vélez, Alejandro S. |
| Término indicativo de función/relación |
director. |
| 856 ## - LOCALIZACIÓN Y ACCESO ELECTRÓNICOS |
| Identificador Uniforme del Recurso |
http://10.13.5.2/tesis/tl/Quirino_Nazario_Patricia.pdf |
| Nota pública |
DESCARGAR PDF |
| 942 ## - ELEMENTOS DE PUNTO DE ACCESO ADICIONAL (KOHA) |
| Fuente del sistema de clasificación o colocación |
Clasificación Universidad Autónoma Chapingo |
| Tipo de ítem Koha |
Tesis digital |